000 004370000a22001810004500
003 MACL
005 20150902164612.0
008 150902b xxu||||| |||| 00| 0 eng d
040 _aMACL
_cMACL
041 _aEnglish
082 _a800/ROY
100 _aRoy, S N
_98776
245 _aEssays on Purana Tradition
260 _bRaka Prakashan
_c2007
_aAllahabad
350 _a125
650 _aLiterature
_98777
942 _cBK
_k800/ROY
_2ddc
999 _c41888
_d41888